Llwytho...
Malayalathinte Suvarnakathakal
| Prif Awdur: | |
|---|---|
| Fformat: | Printed Book |
| Iaith: | Undetermined |
| Cyhoeddwyd: |
Thrissur
Green Books Pvt.Ltd
2006
|
| Pynciau: |
| LEADER | 00526nam a2200157Ia 4500 | ||
|---|---|---|---|
| 008 | 140316s9999 xx 000 0 und d | ||
| 020 | |a 8184230095 | ||
| 082 | |a 813.2 |b PAD/MA | ||
| 100 | |a Padmarajan | ||
| 245 | |a Malayalathinte Suvarnakathakal | ||
| 260 | |a Thrissur |b Green Books Pvt.Ltd |c 2006 | ||
| 300 | |a 180 | ||
| 650 | |a Story | ||
| 942 | |2 ddc |c BK | ||
| 999 | |c 13720 |d 13720 | ||
| 952 | |0 0 |1 0 |2 ddc |4 0 |6 813_200000000000000_PADMA |7 0 |9 14957 |a KAUCLV |b KAUCLV |c GENERAL |d 2014-03-18 |l 17 |o 813.2 PAD/MA |p 223163 |r 2020-08-13 |s 2020-08-13 |w 2014-03-18 |y BK | ||